Cartilha da escóla

Gespeichert in:
Bibliographische Detailangaben
1. Verfasser: João Tomás Nunes
Format: keine Angabe
Sprache:Portugiesisch
Erschienen: Porto Typ Occidental 1892
Ausgabe:2a ed.
Katalog:MANES:  Suchergebnis im Bibliothekskatalog
Schulbuchspezifische Eigenschaften:
Tags: Tag hinzufügen
Keine Tags, Fügen Sie den ersten Tag hinzu!
Hinzugefügt zu:26.04.2016
Geändert in:25.04.2025

MARC

LEADER 000000000a22000000004500
001 36773
003 OSt
005 20250425110755.0
008 160427s po ||||| |||| 00| 0 por d
041 |a Portugués 
561 |5 pt-MJD  |a Portugal. Museu João de Deus  |k MANES 
691 |a PRI 
100 1 |a João Tomás Nunes  |9 18905 
245 0 0 |a Cartilha da escóla 
250 |a 2a ed. 
260 3 |a Porto  |b Typ Occidental  |c 1892 
300 |a 31 p.  |c 18 cm 
500 |a Registro Topográfico: 5880 
690 |a EyL 
942 |2 ddc  |c BK 
546 |a Portugal 
999 |c 40232  |d 40232 
999 |c manes:40232  |d 40232